A magyar politika marketingeszközeinek hatása a fiatalokra
| Szerző: | |
|---|---|
| További közreműködők: | |
| Dokumentumtípus: | Diplomadolgozat |
| Kulcsszavak: | marketing marketingeszközök marketingkommunikáció marketingkutatás nemzeti politika |
| Online Access: | http://dolgozattar.uni-bge.hu/60274 |
MARC
| LEADER | 00000nta a2200000 i 4500 | ||
|---|---|---|---|
| 001 | dolg60274 | ||
| 005 | 20260409150231.0 | ||
| 008 | 260409suuuu hu om 000 hun d | ||
| 040 | |a BGE Dolgozattár Repozitórium |b hun | ||
| 041 | |a hu | ||
| 100 | 1 | |a Sebestyén Virág | |
| 245 | 1 | 2 | |a A magyar politika marketingeszközeinek hatása a fiatalokra |c Sebestyén Virág |h [elektronikus dokumentum] |
| 520 | 3 | |a A politikai marketing az utóbbi évtizedekben világszerte meghatározó eszközzé vált a politikai pártok és szereplők kommunikációjában, és Magyarországon is egyre hangsúlyosabb szerepet tölt be, különösen a fiatal választópolgárok elérésében. A szakdolgozat célja, hogy feltérképezze, milyen hatást gyakorolnak a különböző politikai marketingeszközök a 18–25 év közötti magyar fiatalokra, illetve hogyan befolyásolják ezek a kommunikációs módszerek politikai attitűdjeiket, részvételüket és pártpreferenciáikat.A kutatás során kvalitatív és kvantitatív módszerek együttes alkalmazására került sor. A dolgozat első részében bemutatásra kerül a politikai marketing elméleti háttere, különös tekintettel a magyar kontextusra. Elemzésre kerülnek a politikai kampányok leggyakrabban használt eszközei – mint például a közösségi média, plakátkampányok és célzott online hirdetések –, valamint azok fejlődése és alkalmazásuk különbségei a pártok között. A második rész empirikus kutatáson alapul, amelyben kérdőíves felmérés segítségével vizsgálom a fiatalok politikai tájékozottságát, érdeklődését, a marketingeszközökhöz való viszonyulását, valamint a kommunikációs csatornák használatát. | |
| 695 | |a marketing | ||
| 695 | |a marketingeszközök | ||
| 695 | |a marketingkommunikáció | ||
| 695 | |a marketingkutatás | ||
| 695 | |a nemzeti politika | ||
| 700 | 1 | |a Dobó Dr. Róbert |e ths | |
| 856 | 4 | 0 | |u http://dolgozattar.uni-bge.hu/60274/1/Szakdolgozat.pdf |z Dokumentum-elérés |
| 856 | 4 | 0 | |u http://dolgozattar.uni-bge.hu/60274/2/BA%20KM%20magyar%20b%C3%ADr%C3%A1lati%20lap%20BELS%C5%90%20Sebesty%C3%A9n%20Vir%C3%A1g%20DR.pdf |z Dokumentum-elérés |
| 856 | 4 | 0 | |u http://dolgozattar.uni-bge.hu/60274/3/BA%20KM%20magyar%20bir-kulso.pdf |z Dokumentum-elérés |